مكتبة جامعة عجلون الوطنية

فهرس بحث المكتبة

Normal view MARC view
  • العقوبات - الجرائم المادية والمعنوية- القانون الاردني - التشريع الاسلامي

Entry Topical Term

Number of records used in: 1

001 - CONTROL NUMBER

  • control field: 61223

003 - CONTROL NUMBER IDENTIFIER

  • control field: JO-AjAnu

005 - DATE AND TIME OF LATEST TRANSACTION

  • control field: 20230606084014.0

008 - FIXED-LENGTH DATA ELEMENTS

  • fixed length control field: 230606|| aca||aabn | a|a d

040 ## - CATALOGING SOURCE

  • Original cataloging agency: JO-AjAnu
  • Transcribing agency: JO-AjAnu

150 ## - HEADING--TOPICAL TERM

  • Topical term or geographic name entry element: العقوبات - الجرائم المادية والمعنوية- القانون الاردني - التشريع الاسلامي

670 ## - SOURCE DATA FOUND

  • Source citation: Work cat.: (JO-AjAnu)31226: اعداد الزغول، جبريل عكاشة مصطفى؛ إشراف عبدالله ماجد العكايلة , author 61222, تعدد العقوبات في حالتي الاجتماع المادي والمعنوي للجرائم: دراسة مقارنة بين القانون الأردني والشريعة الإسلامية = Multiplicity of penalties in the Cases of the Material and Moral Meeting OF THE Crimes: A Comparative study Between Jordanian law and islamic law